000
00257nam a2200097Ia 4500
008
240331s9999 xx 000 0 und d
082
_a
016
_b
WOM
100
_a
Royal Tropic. ed
245
0
_a
Women and development :
_b
an annotated bibliography 1990-1992
942
_c
L
999
_c
635
_d
635